[Event "Orsay-C"]
[Site "Orsay"]
[Date "2009.02.16"]
[Round "2"]
[White "Kieffer, Jean Claude"]
[Black "Salasc, Yves"]
[Result "1-0"]
[WhiteElo "1941"]
[BlackElo "1928"]
[PlyCount "77"]
[EventDate "2009.02.15"]
[EventType "tourn"]
[EventRounds "7"]
[EventCountry "FRA"]
[SourceTitle "CBM 129 Extra"]
[Source "ChessBase"]
[SourceDate "2009.05.05"]
[SourceVersion "2"]
[SourceVersionDate "2009.05.20"]
[SourceQuality "1"]

1. d4 d5 2. c4 e6 3. Nc3 Nf6 4. Bg5 Be7 5. e3 c6 6. Nf3 Nbd7 7. Bd3 dxc4 8. Bxc4 b5 9. Bd3 a6 10. e4 Bb7 11. e5 Nd5 12. Nxd5 exd5 13. Bxe7 Qxe7 14. 0-0 c5 15. Re1 0-0 16. Rc1 Rac8 17. Bf5 cxd4 18. Rxc8 Bxc8 19. Bxd7 Bxd7 20. Qxd4 Be6 21. Rc1 Qd7 22. a3 Rc8 23. Rxc8+ Qxc8 24. Qc3 Qc4 25. Nd4 Kf8 26. f4 g6 27. Kf2 a5 28. Qxc4 bxc4 29. Ke3 Ke8 30. Nc6 a4 31. Kd4 Kd7 32. Nb4 Kc7 33. Nxd5+ Kc6 34. Nc3 Kb6 35. Nxa4+ Kc6 36. Nc3 Kb6 37. g3 Kc6 38. Ne4 h6 39. Nd6 1-0

[Event "Evry op"]
[Site "Evry"]
[Date "2007.11.01"]
[Round "2"]
[White "Daurelle, Herve"]
[Black "Salasc, Yves"]
[Result "1-0"]
[WhiteElo "2263"]
[BlackElo "1941"]
[PlyCount "65"]
[EventDate "2007.10.31"]
[EventType "swiss"]
[EventRounds "9"]
[EventCountry "FRA"]
[SourceTitle "EXT 2009"]
[Source "ChessBase"]
[SourceDate "2008.11.26"]
[SourceVersion "1"]
[SourceVersionDate "2008.11.26"]
[SourceQuality "1"]

1. e4 c5 2. Nf3 d6 3. d4 cxd4 4. Nxd4 Nf6 5. Nc3 g6 6. Be3 Bg7 7. f3 Nc6 8. Qd2 0-0 9. 0-0-0 d5 10. exd5 Nxd5 11. Nxc6 bxc6 12. Nxd5 cxd5 13. Bh6 Bxh6 14. Qxh6 Rb8 15. h4 f6 16. Bc4 e6 17. Bb3 Qd6 18. f4 Kh8 19. Kb1 Bd7 20. c3 Qc5 21. Rd4 a5 22. h5 g5 23. fxg5 fxg5 24. Qxg5 Rf5 25. Qg3 Rg8 26. Rg4 Qf8 27. Rxg8+ Qxg8 28. Qh4 Rg5 29. h6 e5 30. Bxd5 Bf5+ 31. Ka1 Qd8 32. Rf1 Bd3 33. Qxg5 1-0

[Event "Evry op 2nd"]
[Site "Evry"]
[Date "2006.11.05"]
[Round "7"]
[White "Gidel, Jean Louis"]
[Black "Salasc, Yves"]
[Result "1/2-1/2"]
[WhiteElo "2175"]
[BlackElo "1890"]
[PlyCount "78"]
[EventDate "2006.11.01"]
[EventType "swiss"]
[EventRounds "7"]
[EventCountry "FRA"]
[SourceTitle "EXT 2007"]
[Source "ChessBase"]
[SourceDate "2006.11.23"]
[SourceVersion "1"]
[SourceVersionDate "2006.11.23"]
[SourceQuality "1"]

1. c4 c5 2. g3 g6 3. Bg2 Bg7 4. Nc3 Nc6 5. a3 a6 6. Rb1 Rb8 7. b4 cxb4 8. axb4 b5 9. cxb5 axb5 10. Nf3 e5 11. d4 exd4 12. Nd5 Nge7 13. Bg5 h6 14. Bf6 Bxf6 15. Nxf6+ Kf8 16. Nxd4 Kg7 17. Nd5 Nxd5 18. Bxd5 Qf6 19. e3 Nxd4 20. Qxd4 Qxd4 21. exd4 Bb7 22. Bxb7 Rxb7 23. Kd2 Ra8 24. Rhc1 Ra2+ 25. Ke3 Rba7 26. Rc5 R7a3+ 27. Ke4 Re2+ 28. Kd5 Rxf2 29. Rxb5 Ra7 30. Rc5 Rf6 31. b5 Rb6 32. Kc4 Ra2 33. h4 d6 34. Rd5 Kf8 35. Re1 h5 36. Kb3 Ra7 37. Kb4 Ra2 38. Re3 Ra1 39. Rc3 Ke7 1/2-1/2

[Event "Evry op 2nd"]
[Site "Evry"]
[Date "2006.11.04"]
[Round "6"]
[White "Salasc, Yves"]
[Black "Ferrie, Jeremie"]
[Result "1/2-1/2"]
[WhiteElo "1890"]
[BlackElo "1993"]
[PlyCount "100"]
[EventDate "2006.11.01"]
[EventType "swiss"]
[EventRounds "7"]
[EventCountry "FRA"]
[SourceTitle "EXT 2007"]
[Source "ChessBase"]
[SourceDate "2006.11.23"]
[SourceVersion "1"]
[SourceVersionDate "2006.11.23"]
[SourceQuality "1"]

1. e4 c5 2. f4 Nc6 3. Nf3 e6 4. c3 d5 5. e5 a6 6. d4 Nh6 7. Bd3 cxd4 8. cxd4 Qb6 9. Nc3 Bd7 10. Bb1 Na5 11. 0-0 Nc4 12. Na4 Qb4 13. Bc2 Bxa4 14. Bxa4+ b5 15. Bb3 Nf5 16. a3 Qa5 17. Bxc4 bxc4 18. Bd2 Qb5 19. Qc2 Rb8 20. Rfb1 Qb3 21. Qc3 Rb5 22. a4 Rb6 23. g4 Nh6 24. h3 f5 25. g5 Nf7 26. Be1 Be7 27. Nd2 Qb4 28. Qg3 g6 29. Ne4 Qb3 30. Nf6+ Bxf6 31. gxf6 Qxg3+ 32. Bxg3 Kd7 33. Be1 Nd8 34. Bc3 Nc6 35. Kf2 Nb4 36. Kg3 Nc2 37. Ra2 Rb3 38. Kh4 Rhb8 39. Rg1 Nb4 40. Raa1 Ke8 41. Kg5 Nd3 42. h4 Nxb2 43. Bxb2 Rxb2 44. h5 Kf7 45. Kh6 Rh2 46. Rh1 Rbb2 47. Kxh7 Rxh5+ 48. Rxh5 gxh5 49. Rg1 c3 50. Rg7+ Kf8 1/2-1/2